01250nam a2200169Ia 4500001001300000003001000013008004100023040002500064041000700089100002100096245006100117250001100178260004900189300001200238500079100250650003901041b5921-40595 IT-MiCISF161014s9999||||xx |||||||||||||| ||und|| aIT-MiCISFcIT-MiCISF ait aJellouschek Hans 0aSposati con il lavorobMariti in carriera, eroi a metà a1a ed. a RomabMagic2004 [Edizione originale: 1996] app. 170 a / coppia, lavoro, uomo, relazione-di-coppia, conflitto, paternità / L'uomo con una carriera lavorativa coronata da successo, frutto di dedizione e competizione, nasconde spesso infelicità personali e difficoltà nei rapporti privati: dissapori con la moglie, dissidi con i figli e gli amici. Nel libro l'A., psicologo e psicoterapeuta, con oltre quindici anni di esperienze di consulenza con questi "eroi moderni", descrive questi uomini nel loro cammino di conquista del potere in campo lavorativo, cercando poi di scoprire il lato oscuro dei loro insuccessi nel campo della vita privata, affettiva e sessuale attraverso l'analisi dei loro modelli di relazioni affettive, plasmati dai rapporti con le famiglie d'origine, e ponendo un particolare accento sul rapporto-padre-figli. a Relazione di coppia / coppiae002